Countries of the World but only ones that have a line on their flags. - Statistics

General Stats
  • This quiz has been taken 17 times
  • The average score is 120 of 191
Answers on the Map
Answers color-coded by a green-red scale on the quiz's map according to % correct below.
 
Answer Stats
Country % Correct
Finland
86%
France
86%
Iceland
86%
Ireland
86%
Italy
86%
Mexico
86%
Norway
86%
Poland
86%
Portugal
86%
Russia
86%
Spain
86%
Sweden
86%
United States
86%
Andorra
71%
Argentina
71%
Australia
71%
Austria
71%
Barbados
71%
Belgium
71%
Brazil
71%
Canada
71%
Chad
71%
Chile
71%
China
71%
Cuba
71%
Democratic Republic of the Congo
71%
Denmark
71%
Germany
71%
Ghana
71%
Greece
71%
India
71%
Iran
71%
Iraq
71%
Libya
71%
Madagascar
71%
Malawi
71%
Mali
71%
Morocco
71%
Namibia
71%
Nepal
71%
Netherlands
71%
New Zealand
71%
Niger
71%
Nigeria
71%
North Korea
71%
Oman
71%
Pakistan
71%
Peru
71%
Republic of the Congo
71%
Serbia
71%
South Africa
71%
South Korea
71%
South Sudan
71%
Sudan
71%
Taiwan
71%
Thailand
71%
Turkey
71%
Uganda
71%
Ukraine
71%
United Arab Emirates
71%
United Kingdom
71%
Yemen
71%
Zambia
71%
Zimbabwe
71%
Afghanistan
57%
Albania
57%
Algeria
57%
Angola
57%
Antigua and Barbuda
57%
Armenia
57%
Azerbaijan
57%
Bahamas
57%
Belarus
57%
Belize
57%
Benin
57%
Bhutan
57%
Bolivia
57%
Bosnia and Herzegovina
57%
Botswana
57%
Brunei
57%
Bulgaria
57%
Burkina Faso
57%
Burundi
57%
Cambodia
57%
Cameroon
57%
Cape Verde
57%
Central African Republic
57%
Colombia
57%
Comoros
57%
Costa Rica
57%
Croatia
57%
Cyprus
57%
Czech Republic
57%
Djibouti
57%
Dominican Republic
57%
East Timor
57%
Ecuador
57%
Egypt
57%
El Salvador
57%
Equatorial Guinea
57%
Eritrea
57%
Estonia
57%
Eswatini
57%
Ethiopia
57%
Federated States of Micronesia
57%
Fiji
57%
Gabon
57%
Gambia
57%
Georgia
57%
Grenada
57%
Guatemala
57%
Guinea
57%
Guinea-Bissau
57%
Guyana
57%
Haiti
57%
Honduras
57%
Hungary
57%
Indonesia
57%
Israel
57%
Ivory Coast
57%
Jamaica
57%
Jordan
57%
Kazakhstan
57%
Kenya
57%
Kiribati
57%
Kosovo
57%
Kuwait
57%
Laos
57%
Latvia
57%
Lebanon
57%
Lesotho
57%
Liberia
57%
Liechtenstein
57%
Lithuania
57%
Luxembourg
57%
Maldives
57%
Malta
57%
Marshall Islands
57%
Mauritania
57%
Mauritius
57%
Moldova
57%
Monaco
57%
Mongolia
57%
Montenegro
57%
Mozambique
57%
Myanmar
57%
Nauru
57%
Nicaragua
57%
North Macedonia
57%
Panama
57%
Papua New Guinea
57%
Paraguay
57%
Philippines
57%
Qatar
57%
Romania
57%
Rwanda
57%
Saint Kitts and Nevis
57%
Saint Lucia
57%
Saint Vincent and the Grenadines
57%
Samoa
57%
San Marino
57%
São Tomé and Príncipe
57%
Senegal
57%
Seychelles
57%
Sierra Leone
57%
Singapore
57%
Slovakia
57%
Slovenia
57%
Solomon Islands
57%
Somalia
57%
Sri Lanka
57%
Suriname
57%
Switzerland
57%
Syria
57%
Tajikistan
57%
Tanzania
57%
Togo
57%
Tonga
57%
Trinidad and Tobago
57%
Tunisia
57%
Turkmenistan
57%
Tuvalu
57%
Uruguay
57%
Uzbekistan
57%
Vanuatu
57%
Vatican City
57%
Venezuela
57%
Vietnam
57%
Bahrain
43%
Dominica
43%
Malaysia
43%
No matching quizzes found
Score Distribution
Percent of People with Each Score
Percentile by Number Answered
Your Score History
You have not taken this quiz